Concert commemoratiu del 125è aniversari del Palau Güell
MARC
| LEADER | 00000ngm a2200000 a 4500 | ||
|---|---|---|---|
| 007 | co ||aaananaa| | ||
| 008 | 220728b spa||||| |||| 00| 0 cat d | ||
| 017 | |a DL B 14381-2014 | ||
| 080 | |a CD- | ||
| 245 | |a Concert commemoratiu del 125è aniversari del Palau Güell |h [recurs electrònic] | ||
| 246 | 3 | 2 | |a Concert commemoratiu del cent vint-i-cinquè aniversari del Palau Güell |
| 260 | |a Barcelona : |b Diputació de Barcelona : Palau Güell, |c 2014 | ||
| 300 | |a 1 disc òptic (DVD) ; |b color, so | ||
| 500 | |a Enregistrament en vídeo del Concert commemoratiu del 125è aniversari del Palau Güell, celebrat el 20 de desembre de 2013 | ||
| 500 | |a Durada del concert: 47 min | ||
| 500 | |a Intèrprets: Montserrat Torrent i Serra, orgue. Amaia Goñi Modrego, registrant | ||
| 610 | 2 | 0 | |9 52964 |a Palau Güell (Barcelona) |x Activitats culturals |
| 650 | 0 | |a Concerts (Orgue) |9 49548 | |
| 655 | 0 | |a DVD |9 54986 | |
| 700 | 1 | |a Torrent i Serra, Montserrat, |d 1926- |9 54064 |e organista | |
| 710 | 2 | |a Palau Güell (Barcelona) |e productor |9 17034 | |
| 710 | 1 | |a Barcelona (Catalunya : Província). |b Diputació |e productor |9 52408 | |
| 942 | |2 udc |c ARXIU |n 1 | ||
| 952 | |0 0 |1 0 |4 0 |6 CD |7 1 |9 63258 |a Arxiu |b Arxiu |d 2022-07-28 |l 0 |o CD- |p 26371 |r 2022-07-28 00:00:00 |w 2022-07-28 |y ARXIU | ||
| 999 | |c 82509 |d 82509 | ||